00303nam a22001337a 4500003000400000008004100004020001800045082001600063100002300079245002600102250000800128260002500136300000800161OSt240411b |||||||| |||| 00| 0 eng d a9788176565547 a005.133 KAT aKANETKAR, Yashwant aTest Your C ++ Skills aRep aNew DelhibBPBc2023 a389